World Series Walk-off Home Runs - Statistics

General Stats
  • This quiz has been taken 75 times
    20 since last reset
  • The average score is 10 of 19
Answer Stats
Year Game # Team Opponent HR Final Score Batter % Correct
2024 1 Los Angeles Dodgers New York Yankees grand slam 6-3 (10 inn.) Freddie Freeman
84%
2025 3 Los Angeles Dodgers Toronto Blue Jays solo 6-5 (18 inn.) Freddie Freeman
84%
1993 6 Toronto Blue Jays Philadelphia Phillies 3-run 8-6 Joe Carter
79%
1988 1 Los Angeles Dodgers Oakland A's 2-run 5-4 Kirk Gibson
74%
2001 4 New York Yankees Arizona Diamondbacks solo 4-3 (10 inn.) Derek Jeter
68%
1991 6 Minnesota Twins Atlanta Braves solo 4-3 (11 inn.) Kirby Puckett
63%
1988 3 Oakland A's Los Angeles Dodgers solo 2-1 Mark McGwire
63%
1960 7 Pittsburgh Pirates New York Yankees solo 10-9 Bill Mazeroski
58%
1975 6 Boston Red Sox Cincinnati Reds solo 7-6 (12 inn.) Carlton Fisk
58%
2011 6 St. Louis Cardinals Texas Rangers solo 10-9 (11 inn.) David Freese
58%
2018 3 Los Angeles Dodgers Boston Red Sox solo 3-2 (18 inn.) Max Muncy
58%
2023 1 Texas Rangers Arizona Diamondbacks solo 6-5 (11 inn.) Adolis Garcia
53%
1964 3 New York Yankees St. Louis Cardinals solo 2-1 Mickey Mantle
53%
1957 4 Milwaukee Braves New York Yankees 3-run 7-5 (10 inn.) Eddie Mathews
32%
2005 2 Chicago White Sox Houston Astros solo 7-6 Scott Podsednik
32%
2003 4 Florida Marlins New York Yankees solo 4-3 (12 inn.) Alex Gonzalez
21%
1999 3 New York Yankees Atlanta Braves solo 6-5 (10 inn.) Chad Curtis
21%
1949 1 New York Yankees Brooklyn Dodgers solo 1-0 Tommy Henrich
16%
1954 1 New York Giants Cleveland Indians 3-run 5-2 (10 inn.) Dusty Rhodes
11%
No matching quizzes found
Score Distribution
Percent of People with Each Score
Percentile by Number Answered
Your Score History
You have not taken this quiz since the last reset